00716nai a2200181Ia 4500003000900000008004100009022002200050022002300072040001600095245005200111260008600163310001200249362002600261521006900287650004000356650005000396856008800446IN-BaIIA211028c9999 xx s 000 0 eng d a0093-3813 (Print) a1939-9375 (Online) cIIA Library 0aIEEE Transactions on Plasma Scienceh[eJournal] aNew York, USAbThe Institute of Electrical and Electronics Engineers, Inc. (IEEE) aMonthly a1(1); 1973 - Present  bSubscribed through National Knowledge Resource Consortium (NKRC) a Fields, Waves and Electromagnetics aEngineered Materials, Dielectrics and Plasmas uhttps://ieeexplore.ieee.org/servlet/opac?punumber=27yClick Here to Access eJournal